000 00428nam a22001577a 4500
005 20260515113142.0
008 260515b |||||||| |||| 00| 0 eng d
040 _cPK-LaUMT
082 _a617.47
_bZEE-O
100 0 _aZeeshan Ahmad Chattha
_94702
245 1 0 _aAnesthesia notes :
_bOrthopedic surgery /
_cDr. Zeeshan Ahmad Chattha
260 _as.l. :
_bs.n.,
_cn.d.
300 _aVarious paging
546 _aEng
942 _cBK
999 _c140792
_d140792